00604 a2200181 4500020001500000020001800015082001200033090001500045100002000060245010700080250002600187260003100213300002100244700002000265942002600285999001700311952009400328 a3540252789 a9783540252788 a530.413 c1200d12001 aStrobl, Gert R.14aThe physics of polymers :bconcepts for understanding their structures and behavior /cGert R. Strobl. a3rd rev. and exp. ed. a[S.l.] :bSpringer,c2007. a532 p. ;c25 cm. aStrobl, Gert R. aSNScBKk530.413 STR c29813d29813 00104070aSNSbSNSd2016-05-26l0o530.413 STRpSNS0001261r2016-05-26w2016-05-26yBK